|
|
|
|
| LEADER |
01003nam a2200265 i 4500 |
| 001 |
c000136925 |
| 003 |
CARM |
| 005 |
00000000000000.0 |
| 008 |
751120s1976 nyu b 00110 eng |
| 019 |
1 |
|
|a 244765
|5 LACONCORD2021
|
| 020 |
|
|
|a 0470149930
|
| 035 |
|
|
|a (OCoLC)1958467
|5 LACONCORD2021
|
| 050 |
0 |
0 |
|a GN345.65
|b .B75 1976
|
| 100 |
1 |
|
|a Brislin, Richard W.,
|d 1945-
|
| 245 |
1 |
0 |
|a Cross-cultural orientation programs /
|c Richard W. Brislin, Paul Pedersen.
|
| 260 |
|
|
|a New York :
|b Gardner Press : distributed by Halsted Press,
|c c1976.
|
| 300 |
|
|
|a xiv, 223 p. ;
|c 24 cm.
|
| 500 |
|
|
|a Includes index.
|
| 504 |
|
|
|a Bibliography: p. 199-218.
|
| 650 |
|
0 |
|a Cross-cultural orientation.
|
| 700 |
1 |
|
|a Pedersen, Paul,
|d 1936-
|e joint author.
|
| 852 |
8 |
|
|b CARM
|h A2:AF04A0
|i B01821
|p 0079416
|f BK
|
| 082 |
0 |
4 |
|a 370.19/6
|
| 999 |
f |
f |
|i 3a9050be-81a5-5713-8d85-1776febb76cb
|s b25a2478-a3b6-5c20-9d79-40e2bf1843c8
|
| 952 |
f |
f |
|p Can circulate
|a CAVAL
|b CAVAL
|c CAVAL
|d CARM 1 Store
|e B01821
|f A2:AF04A0
|h Other scheme
|i book
|m 0079416
|